000
00330nam a2200121 a 4500
001
000002434
005
20200929150208.0
008
090702s2009 000 spa d
020
_a
8489384177
245
3
_a
La formación del lector literario : narrativa infantil y juvenil actual.
260
_a
Madrid,
_c
2009.
999
_c
2270
_d
2270
040
_a
DO-SdBNP